000
00284nam a22001337a 4500
008
170411b xxu||||| |||| 00| 0 eng d
020
_a
9780072921632
041
_a
eng
080
_2
6TH
_a
612.39
100
_a
10
101
_a
SHM
245
_a
NUTRITION
_c
WARDLAW
942
_2
udc
_c
BK
999
_c
10450
_d
10450